Calder : gravity and grace

Αποθηκεύτηκε σε:
Λεπτομέρειες βιβλιογραφικής εγγραφής
Άλλοι συγγραφείς: Gimenez, Carmen (edtf), Rower, A. S. C. (Επιμελητής έκδοσης), Calvo Serraller, F. (Francisco), 1948-2018
Μορφή: Βιβλίο
Γλώσσα:English
Spanish
Δημοσίευση: London : Phaidon Press, c2004.
Θέματα:
Ετικέτες: Προσθήκη ετικέτας
Δεν υπάρχουν, Καταχωρήστε ετικέτα πρώτοι!

MARC

LEADER 00000cam a2200000 i 4500
001 1/64149
008 071122s2004 enk| ||| |||| ||eng||
020 |a 0714844101 
035 |l 10092493 
040 |a GR-MyUa  |b gre  |e AACR2 
041 1 |a eng  |h spa 
082 7 |a 700.92   |2 (22) 
245 0 0 |a Calder :   |b gravity and grace /   |c editors: Carmen Gimenez, Alexander S.C.Rower ; essay by Francisco Calvo Serraller. 
260 |a London :   |b Phaidon Press,   |c c2004. 
300 |a 254 σ. :   |b εικ. (μερ. έγχρ.) ;   |c 28 εκ. 
504 |a Βιβλιογραφία: σ. 217-235. 
600 1 0 |a Calder, Alexander,   |d 1898-1976. 
700 1 |a Gimenez, Carmen,  |e edtf 
700 1 |a Rower, A. S. C.  |e edt 
700 1 |a Calvo Serraller, F.   |q (Francisco),   |d 1948-2018. 
852 |a INST  |b SYROS  |e 20071122  |h 700.92 CAL  |p 005500006897  |q 005500006897  |t BK  |y 0 
901 |a BIBL5-2007-3 
922 |a 5ΕΛΗ  |b 200710  |c ΕΠΕΑΕΚ2/ΤΜΣΠΣ  |d Παπασωτηρίου 
970 |a Κοντού  |b Παρασκευή  |z 22/11/2007